Регионална библиотека "Любен Каравелов" - Русе

Видовден (Запис номер 448519)

MARC детайли
000 -Лидер
Контролно поле с фиксирана дължина nam a22 a 4500
003 - Код на организацията, давaща контролен номер
Контролно поле BLK
005 - Дата и час на последна редакция
Контролно поле 20220314095456.0
008 - Елементи от данни с фиксирана дължина
fixed length control field 180411b bul|||||r ||||||| ||bul||
020 ## - Международен стандартен номер на книга ISBN
Международен стандартен номер на книга ISBN 9789540915869
040 ## - Източник на каталожния запис
Идентификатор на билиотеката - собственик на записа BLK
041 ## - Код за език
Код за езика на текст/звукозапис или на отделно заглавие Български
Код за езика КДБФ Български
080 ## - УДК
Текстов определител УДК Българска литература
УДК код - определител по УДК 821.163.2
УДК определител -8
УДК - код + определител 821.163.2-8
100 1# - Редна дума - Автор
Автор Андасаров, Петър Георгиев
Авторска отговорност първи автор
R(LIN) 377840
139 ## - Редно поле
Редна дума Андасаров, Петър Георгиев
Авторски знак Анд - А 65
245 10 - Сведения за заглавието
Заглавие Видовден
Подзаглавни данни Публицистика, есеистика, критика, разговори
Редно поле (дума) Петър Андасаров.
257 ## - Страна на издаване
Страна на създаване/издаване България
260 ## - Област на издателските данни
Място на издаване, разпространение и проч. София
Име на издателя, разпространителя и проч. Захарий Стоянов
Година на издаване 2021
9 (RLIN) 209473
Печатница Благоевград : Бон принт
300 ## - Физическа характеристика
Страници 655 с.
Илюстрации и др. с портр.
Размери/Мащаб 20 см
380 ## - Жанр
Жанр Худож. лит.
500 ## - Общи забележки
Забележка Видовден е, когато се огледаш в себе си / Атанас Звездинов: с. 5-8. - Атанас Звездинов - псевд. на авт. на доп. материал Атанас Василев Атанасов. - За автора: с. 643-645. - На загл. с. отпеч. кн. 7.
852 ## - Местоположение
Форматна сигнатура Цб 311420
Фондова буква Хранилище
999 ## - СИСТЕМНИ КОНТРОЛНИ НОМЕРА
Koha biblionumber 448519
Koha biblioitemnumber 448519
942 ## - АРТИКУЛИ
Вид на библиотечния материал Книги
Скрит в OPAC Не
Периодичен библиозапис Да
944 ## - СЪЗДАВАНЕ И РЕДАКЦИЯ на ЗАПИСА
Създаване/Редакция Създаване
Дата на регистрацията/редакция 2022-03-14
Служител, извършил регистрацията/редакцията Кети
Наличности
Код за отписване Код за изгубен артикул Източник на класификационната схема Код за повреда Коз за рестрикции Код за отдаване Артикулен № Име на библиотеката - собственик Име на библиотеката, в която се намира в момента Статус (Текущо местоположение) Дата на вписване в системата Местоположение - отдел Цена в лева Систематично азбучна сигнатура Баркод Цена в евро Служебен тип на артикула
  Не е изгубен Universal Decimal Classification Не е повреден само за читалня ползва се в читалня 876807 Регионална библиотека "Любен Каравелов" Русе Регионална библиотека "Любен Каравелов" Русе Хранилище 2022-03-18 Хранилище 15.00 Цб 311420 120000869221 7.67 Книги
Vip Innovations Ltd, Rousse, Bulgaria 2025